00428nam a2200121Ia 4500003000900000008004100009040001600050080001800066110003900084245011000123260005900233650001400292IN-BaIIA211028s9999 xx 000 0 eng d cIIA Library a01:520.2bPUJ aInstituto y Observatorio de Marina 0aCatalogo de la bibliotaca del instituto y observatorio de Merina 1888cInstituto y Observatorio de Marina aSan FernandobInstituto y Observatorio de Marinac1899 aCatalogue